00254nam a2200109Ia 4500100002200000654001300022245004100035260003400076082001400110300000800124546001200132 aRhee/ Man/ Young  aComputer aCryptography & secure communication bMc Graw HillaSingaporec1994 a5.82bRHE a504 aENGLISH